Exploring the Factorial Validity of the Beliefs about Nature of Science Questionnaire

Elmentve itt :
Bibliográfiai részletek
Szerzők: Shaakumeni Simson Ndadaleka
Csapó Benő
Dokumentumtípus: Cikk
Megjelent: 2019
Sorozat:SCIENCE EDUCATION INTERNATIONAL 30 No. 1
mtmt:30574244
Online Access:http://publicatio.bibl.u-szeged.hu/14848
LEADER 00686nab a2200193 i 4500
001 publ14848
005 20190529100801.0
008 190310s2019 hu o 0|| zxx d
022 |a 1450-104X 
024 7 |a 30574244  |2 mtmt 
040 |a SZTE Publicatio Repozitórium  |b hun 
041 |a zxx 
100 1 |a Shaakumeni Simson Ndadaleka 
245 1 0 |a Exploring the Factorial Validity of the Beliefs about Nature of Science Questionnaire  |h [elektronikus dokumentum] /  |c  Shaakumeni Simson Ndadaleka 
260 |c 2019 
300 |a 38-44 
490 0 |a SCIENCE EDUCATION INTERNATIONAL  |v 30 No. 1 
700 0 1 |a Csapó Benő  |e aut 
856 4 0 |u http://publicatio.bibl.u-szeged.hu/14848/1/p5.pdf  |z Dokumentum-elérés